00813nam a22002177i 4500003000900000005001700009007000300026008004100029040003000070082000700100100003200107110006800139245010400207264005700311300003200368336002700400337003500427338002900462500006400491504004000555DO-SdBNP20240115131925.0ta240115b1910 dr ||||| |||| 00| 0 spa d aDO-SdBNPbspacBNPHUerda 42221 aElmúdesi, Antonio Elías1 aInstituto Profesional de Santo Domingo. bFacultad de Medicina  aConsideraciones jenerales acerca de la uncinariasis en Santo Domingo /cAntonio Elías Elmúdesi. aSanto Domingo b Imprenta la Cuna de Américac1910 a78, [3] páginas c23 cm.  2rdacontentatextobtxt 2 rdamedia asin mediaciónbn 2rdacarrieravolumen bnc aTesis para la Licenciatura de Bachiller en Letra i Ciencia aBibliografía : p. [81].